| 000 | 00669nam a2200229Ia 4500 | ||
|---|---|---|---|
| 005 | 20250425162835.0 | ||
| 008 | 250425s9999 xx 000 0 und d | ||
| 020 | _a9781118724071 | ||
| 041 | _aeng | ||
| 082 |
_a158.7 _pJEX |
||
| 100 | _aJex, Steve | ||
| 245 | 0 |
_aOrganizational psychology : a scientist-practitioner approach _cSteve M. Jex and Thomas W. Britt |
|
| 250 | _aThird edition | ||
| 260 |
_aNew Jersey _bWiley _c2014 |
||
| 300 |
_a706 páginas _c26 cm. |
||
| 504 | _aIncludes bibliographical references and index | ||
| 650 | _aPsychology, Industrial | ||
| 700 | _aBritt, Thomas W. | ||
| 902 |
_aLibro _cImpreso |
||
| 942 | _c01 | ||
| 010 | _a112351 | ||
| 999 |
_c237519 _d237519 |
||